000 00828nam a2200253Ia 4500
003 OSt
005 20220923225524.0
006 a|||||r|||| 00| 0
007 ta
008 220922b |||||||| |||| 00| 0 mar d
024 _a270,360
037 _cTextual
040 _aARTS
_cARTS
_bmar
041 _2mar
_amar
082 _aO155,2NDA,SA, 152L7
100 _aदलवी, जयवंत
245 0 _aसंध्याछाया, अनु कुसुम कुमार
246 _aSandhyāchhāyā, anu kusum kumāra
260 _aदिल्ली
_b लिपि प्रकाशन
_c1977
300 _a106पृ0
_ccm.
650 _aमराठी साहित्य
942 _hO155,2NDA,SA, 152L7
_cTEXL
_2CC
999 _c378819
_d378819